Online
Catalog

Obras poéticas completas : (Record no. 2962)

MARC details
000 -CABECERA
campo de control de longitud fija 00629cam a2200193 a 4500
001 - NÚMERO DE CONTROL
campo de control 000003131
005 - FECHA Y HORA DE LA ÚLTIMA TRANSACCIÓN
campo de control 20200929150334.0
008 - DATOS DE LONGITUD FIJA--INFORMACIÓN GENERAL
campo de control de longitud fija 840430s1903 sp 000 p spa
040 ## - FUENTE DE LA CATALOGACIÓN
Centro catalogador/agencia de origen DO-SdBNP
Lengua de catalogación spa
Centro/agencia transcriptor BNPHU
082 ## - NÚMERO DE LA CLASIFICACIÓN DECIMAL DEWEY
Número de clasificación 861
Número de documento/Ítem C198o
100 1# - ENTRADA PRINCIPAL--NOMBRE DE PERSONA
Nombre de persona Campoamor, Ramon de,
Fechas asociadas al nombre 1817-1901.
9 (RLIN) 9880
245 10 - MENCIÓN DE TÍTULO
Título Obras poéticas completas :
Resto del título poemas, poesías, fabulas /
Mención de responsabilidad, etc. R. De Campoamor.
260 ## - PUBLICACIÓN, DISTRIBUCIÓN, ETC.
Lugar de publicación, distribución, etc. Barcelona :
Nombre del editor, distribuidor, etc. Sopena,
Fecha de publicación, distribución, etc. [19--].
300 ## - DESCRIPCIÓN FÍSICA
Extensión 2 t. : ;
Dimensiones 19 cm.
500 ## - NOTA GENERAL
Nota general La biblioteca sólo posee el tomo 2.
650 #4 - PUNTO DE ACCESO ADICIONAL DE MATERIA--TÉRMINO DE MATERIA
Término de materia o nombre geográfico como elemento de entrada Poesía española
9 (RLIN) 631
650 #4 - PUNTO DE ACCESO ADICIONAL DE MATERIA--TÉRMINO DE MATERIA
Término de materia o nombre geográfico como elemento de entrada Literatura española
9 (RLIN) 632
910 ## - DATOS DE OPCIÓN DEL USUARIO (OCLC)
Datos de opción del usuario Validado. Control de calidad MFF
Holdings
Estado de retiro Estado de pérdida Restricciones de uso No para préstamo Código de colección Localización permanente Ubicación/localización actual Ubicación en estantería Fecha de adquisición Número de inventario Total de préstamos Signatura topográfica completa Código de barras Fecha visto por última vez Precio válido a partir de Tipo de ítem Koha
    Préstamo interno   Raros y valiosos General General Depósito 06.07.2009 LF1   861 C198o 3131-10 25.06.2020 25.06.2020 Préstamo interno

Powered by Koha